Top 3 del Fútbol Español cada año - Estadísticas

Estadísticas generales
  • Esta prueba ha sido intentada 699 veces
  • La puntuación promedio es 15 de 19
Estadísticas de respuestas
% Correcto
Barcelona
100%
Real Madrid
100%
Atletico Madrid
99%
Sevilla
97%
Valencia
97%
Athletic Bilbao
96%
Real Betis
96%
Girona
92%
Real Sociedad
91%
Deportivo La Coruña
88%
Villarreal
79%
Real Zaragoza
76%
Espanyol
68%
Mallorca
68%
Racing Santander
59%
Real Oviedo
54%
Las Palmas
51%
Sporting Gijón
49%
Arenas
40%
No se encontraron pruebas coincidentes
Distribución de puntuación
Porcentaje de gente con cada puntuación
Porcentaje por número respondido
Historial de tus puntuaciones
No has intentado esta prueba.